Využiteľnosť rekreačného priestoru didaktickej záhrady v cestovnom ruchu

Štandardy využiteľnosti rekreačného areálu v didaktickej -zoologickej záhrade. Úroveň využiteľnosti rekreačného priestoru ZOO v Bratislave pre cestovný ruch. Charakteristika územia zoologickej záhrady v Bratislave. Aktívny oddych v ZOO a jej ďalší rozvoj.

Saved in:
Bibliographic Details
Main Author: Pachingerová, Mária
Format: Book Chapter
Language:Slovak
Subjects:
Tags: Add Tag
No Tags, Be the first to tag this record!

MARC

LEADER 00000naa$a2200000$$$4500
001 0008384
005 20231005083205.2
041 0 |a slo 
044 |a SK 
245 1 0 |a Využiteľnosť rekreačného priestoru didaktickej záhrady v cestovnom ruchu  |c aut. Mária Pachingerová 
520 |a Štandardy využiteľnosti rekreačného areálu v didaktickej -zoologickej záhrade. Úroveň využiteľnosti rekreačného priestoru ZOO v Bratislave pre cestovný ruch. Charakteristika územia zoologickej záhrady v Bratislave. Aktívny oddych v ZOO a jej ďalší rozvoj. 
610 2 0 |a priestor 
610 2 0 |a rekreácia 
610 2 0 |a oddych 
610 2 0 |a ruch cestovný mestský 
610 2 0 |a štandardy 
610 2 0 |a ochrana prírody 
610 2 0 |a ochrana prostredia životného 
610 2 0 |a využitie času voľného 
100 1 |a Pachingerová, Mária